Interkulturálny manažment

Politika vzájomného spájania sa kultúr sa stáva čoraz naliehavejšou aj v slovenskom prostredí. Chápanie pojmu interkulturálny manažment ako procesu narábania s kultúrnymi rozdielmi v slovenských podnikoch, a to tak, aby nedošlo k interakcii medzi jednotlivými kultúrami a vytvoril sa tak predpoklad...

Descrizione completa

Salvato in:
Dettagli Bibliografici
Autore principale: Čepelová, Anna
Natura: Capitolo di libro
Lingua:slovacco
Soggetti:
Tags: Aggiungi Tag
Nessun Tag, puoi essere il primo ad aggiungerne!!

MARC

LEADER 00000naa$a2200000$$$4500
001 0032217
005 20221207121544.4
041 0 |a slo 
044 |a SK 
245 1 0 |a Interkulturálny manažment  |c Anna Čepelová 
520 |a Politika vzájomného spájania sa kultúr sa stáva čoraz naliehavejšou aj v slovenskom prostredí. Chápanie pojmu interkulturálny manažment ako procesu narábania s kultúrnymi rozdielmi v slovenských podnikoch, a to tak, aby nedošlo k interakcii medzi jednotlivými kultúrami a vytvoril sa tak predpoklad pre rast pridanej hodnoty. Analýza problematiky v slovenskom podnikovom prostredí. Primárny výskum v oblasti interkulturálnych vzťahov. Vybrané výsledky a závery, spracované na základe informácií získanými dotazníkovými metódami. 
610 2 0 |a Slovensko 
610 2 0 |a manažment 
610 2 0 |a prostredie podnikové 
610 2 0 |a výskum 
610 2 0 |a komunikácia multikultúrna 
610 2 0 |a podnik multinacionálny 
610 2 0 |a kultúra 
610 2 0 |a komunikácia sociálna 
100 1 |a Čepelová, Anna